00752 a2200193 450000500170000000800410001702000180005804000440007604100080012010000330012824501580016126000650031930000180038465000300040265000260043265000400045865000270049865000330052520191212082119.0191212s2011 ck ||||| |||| 00| 0 spa d a9789587107364 aCO-BoUCMbspacSaul NiñodSaul Niño0 aspa10aGiraldo Gómez, Luis Felipe13aLa pérdida de la oportunidad en la responsabilidad civilbsu aplicación en el campo de la responsabilidad civil médicacLuis Felipe Giraldo Gómez aBogotá (Colombia)bUniversidad Externado de Colombiac2011 a285 páginas 7aResponsabilidad médica  7aDaños y perjuicios  7aPráctica médica xLegislación 7aResponsabilidad civil  7aResponsabilidad profesional